Miasta województwa Małopolskiego według opisu - Statystyki

Ogólne statystyki
  • Ten quiz został rozwiązany 30 razy
  • Średni wynik to 8 z 12
Statystyki odpowiedzi
Opis Miasto % Poprawnych
Z niemieckiego Auschwitz Oświęcim
100%
Urodził się tam Karol Wojtyła Wadowice
97%
Znajduje się tam Gubałówka Zakopane
97%
W 1965r. do nazwy miasta został dodany oficjalnie człon "Beskidzka" Sucha Beskidzka
93%
Trzecie pod względem liczby mieszkańców miasto w województwie Nowy Sącz
87%
Działa tam klub piłkarski Puszcza Niepołomice
80%
Władzę w mieście sprawuje Aleksander Miszalski Kraków
73%
Działa tam Klub Sportowy "Pieniny" Szczawnica
60%
Miasto to ma taką samą nazwę jak na Słowacji, tylko, że tam w 1374r. został nadany przywilej szlachecki. Koszyce
43%
Znajduje się tam Kopalnia Węgla Kamiennego ZG "Janina" Libiąż
43%
Urodził się w tym mieście Tadeusz Rydzyk Olkusz
30%
Znajduje się tam najstarsze w Polsce Muzeum Pożarnictwa Alwernia
13%
Nie znaleziono quizów pasujących do podanych kryteriów
Rozkład punktacji
Procent ludzi z każdym wynikiem
Percentyl według liczby udzielonych odpowiedzi
Twoja historia wyników
Nie rozwiązałeś tego quizu